Nový zákon o sociálnom poistení a z neho vyplývajúce zmeny pre samostatne zárobkovo činné osoby

Dňom 1. 1. 2004 nadobudol účinnosť zákon č. 461/2003 Z.z. o sociálnom poistení, ktorý základným spôsobom mení výšku a minimálne a maximálne vymeriavacie základy pre výpočet výšky poistného.

Gespeichert in:
Bibliographische Detailangaben
1. Verfasser: Minársky, Ján
Format: Buchkapitel
Sprache:Slowakisch
Schlagworte:
Tags: Tag hinzufügen
Keine Tags, Fügen Sie das erste Tag hinzu!

MARC

LEADER 00000naa$a2200000$$$4500
001 0006956
005 20231106065728.3
041 0 |a slo 
044 |a SK 
245 1 0 |a Nový zákon o sociálnom poistení a z neho vyplývajúce zmeny pre samostatne zárobkovo činné osoby  |c aut. Ján Minársky 
520 |a Dňom 1. 1. 2004 nadobudol účinnosť zákon č. 461/2003 Z.z. o sociálnom poistení, ktorý základným spôsobom mení výšku a minimálne a maximálne vymeriavacie základy pre výpočet výšky poistného. 
610 2 0 |a poistenie sociálne 
610 2 0 |a zákony 
610 2 0 |a Slovensko 
610 2 0 |a 2003 
100 1 |a Minársky, Ján